Internet Domains - Geoguessr Countries - Statistics

General Stats
  • This quiz has been taken 1,305 times
    1,302 since last reset
  • The average score is 36 of 74
Answer Stats
Hint Answer % Correct
.uy Uruguay
92%
.ca Canada
91%
.hu Hungary
79%
.nz New Zealand
78%
.br Brazil
76%
.mx Mexico
76%
.no Norway
76%
.be Belgium
73%
.gh Ghana
71%
.uk United Kingdom
71%
.fi Finland
70%
.fr France
70%
.ru Russia
69%
.pt Portugal
68%
.it Italy
64%
.cz Czech Republic
62%
.nl Netherlands
62%
.co Colombia
61%
.au Australia
60%
.pl Poland
58%
.ro Romania
58%
.is Iceland
57%
.gr Greece
56%
.lv Latvia
56%
.ph Philippines
56%
.ug Uganda
56%
.dk Denmark
55%
.de Germany
54%
.al Albania
52%
.at Austria
52%
.lu Luxembourg
52%
.sk Slovakia
52%
.ar Argentina
50%
.ee Estonia
50%
.ng Nigeria
50%
.za South Africa
50%
.bg Bulgaria
49%
.ie Ireland
49%
.ke Kenya
49%
.ch Switzerland
48%
.lt Lithuania
47%
.pe Peru
47%
.es Spain
47%
.do Dominican Republic
46%
.jo Jordan
46%
.tw Taiwan
46%
.bw Botswana
44%
.sn Senegal
43%
.hr Croatia
42%
.th Thailand
42%
.bo Bolivia
41%
.se Sweden
41%
.cl Chile
37%
.mk North Macedonia
37%
.vn Vietnam
37%
.ec Ecuador
35%
.rs Serbia
34%
.my Malaysia
32%
.kr South Korea
32%
.tr Turkey
32%
.id Indonesia
30%
.mc Monaco
26%
.tn Tunisia
26%
.me Montenegro
24%
.sm San Marino
24%
.sz eSwatini
22%
.si Slovenia
21%
.ad Andorra
20%
.ae United Arab Emirates
20%
.ls Lesotho
19%
.bd Bangladesh
18%
.il Israel
18%
.la Laos
16%
.ps Palestine
8%
No matching quizzes found
Score Distribution
Percent of People with Each Score
Percentile by Number Answered
Your Score History
You have not taken this quiz since the last reset